| 000 | 01941nam a2200289 a 4500 | ||
|---|---|---|---|
| 001 | 80960 | ||
| 003 | BD-RjUL | ||
| 005 | 20221212155749.0 | ||
| 008 | 221212s1975 tu 000 0 ara d | ||
| 035 | _a(BD-RjUL)80960 | ||
| 040 |
_aNNL _bara _cBD-RjUL |
||
| 041 | 0 | _aara | |
| 082 |
_223 _a297 _bBAM 1975 |
||
| 100 | 1 |
_aالبدايوني، فضل رسول بن عبد المجيد،Al-Badayoni, Fadl Rasool Ibn Abdul-Majid, _dتوفي 1872 _96299 |
|
| 245 | 1 | 2 |
_aالمعتقد المنتقد /almuetaqad almuntaqid / _cمن تصنيف فضل الرسول القادري البركاتي البدايونى، مع تعليقه اللطيف المسمى بالاسم التاريخي المستند المعتمد بناء نجاة الأبد، من رشحات قلم احمد رضا خان القادري البركاتي الحنفي البريلوي.min tasnif fadl alrasul alqadiriu albarkati albadayunaa, mae taeliqih allatif almusamaa bialaism altaarikhii almustanid almuetamad bina' najaat al'abdu, min rashahat qalam aihmad rida khan alqadiri albarkati alhanafii albirilwi. |
| 246 | 3 | 3 | _aالمستند المعتمد بناء نجاة الأبد |
| 246 | 3 | 3 | _aمستند المعتمد بناء نجاة الأبد |
| 260 |
_aاستانبول : _bمكتبة حامدية، _c1975. |
||
| 300 |
_a272ص. _c23 cm |
||
| 500 | _aتسجيل فهرسي مختصر لاجل مشروع الفهرسة العربية في المكتبة الوطنية الاسرائيلية | ||
| 500 | _aBrief cataloging record created for the Arabic Cataloging Project of the National Library of Israel. | ||
| 600 | 1 | 4 |
_aالبدايوني، فضل رسول بن عبد المجيد، _dتوفي 1872. _tالمعتقد المنتقد _96300 |
| 700 | 1 |
_aالبدايوني، فضل رسول بن عبد المجيد، _dتوفي 1872. |
|
| 700 | 1 |
_aخان، محمد أحمد رضا، _d1856-1921 _96302 |
|
| 942 |
_2ddc _cBK |
||
| 990 | _auniversities | ||
| 999 |
_c80960 _d80960 |
||